[Event "CAN-op"]
[Site "Edmonton CAN"]
[Date "2009.07.16"]
[Round "6.73"]
[White "Thomas, Bruce"]
[Black "Desjardins, Simon-Pierre"]
[Result "0-1"]
[WhiteElo "1752"]
[BlackElo "2016"]
[PlyCount "66"]
[GameId "2160767910156172"]
[EventDate "2009.07.11"]
[EventType "swiss"]
[EventRounds "9"]
[EventCountry "CAN"]
[SourceTitle "EXT 2022"]
[Source "ChessBase"]
[SourceDate "2021.10.06"]
[SourceVersion "1"]
[SourceVersionDate "2021.10.06"]
[SourceQuality "1"]

1. c4 Nf6 2. Nc3 d5 3. cxd5 Nxd5 4. d4 g6 5. e4 Nxc3 6. bxc3 Bg7 7. Bc4 O-O 8. Ne2 c5 9. O-O cxd4 10. cxd4 Nc6 11. Be3 Na5 12. Rc1 Nxc4 13. Rxc4 Bd7 14. Rb4 a5 15. Rb1 b5 16. a3 Rc8 17. Qd2 Rc4 18. Rfc1 Rxc1+ 19. Nxc1 Qa8 20. f3 Rc8 21. Nb3 Rc4 22. Nc5 Be8 23. Kf2 e6 24. Qd3 Qd8 25. Rd1 Bf8 26. Qe2 e5 27. dxe5 Qh4+ 28. Kg1 Bxc5 29. e6 fxe6 30. Bxc5 Rxc5 31. Qd3 Qe7 32. Kf1 Qc7 33. g3 Rc3 0-1

[Event "CAN-op"]
[Site "Edmonton CAN"]
[Date "2009.07.16"]
[Round "6.74"]
[White "McCleary, Reuben"]
[Black "MacKey, John"]
[Result "0-1"]
[WhiteElo "1508"]
[BlackElo "1743"]
[PlyCount "50"]
[GameId "2160767910156173"]
[EventDate "2009.07.11"]
[EventType "swiss"]
[EventRounds "9"]
[EventCountry "CAN"]

1. e4 c6 2. d4 d5 3. e5 c5 4. Nf3 Nc6 5. Bb5 Bg4 6. Nc3 e6 7. Be3 cxd4 8. Bxd4 Nh6 9. h3 Bxf3 10. Qxf3 Nf5 11. Be3 Nxe3 12. Qxe3 Bb4 13. O-O O-O 14. Rad1 Qa5 15. Bxc6 bxc6 16. a3 Bxc3 17. Qxc3 Qxc3 18. bxc3 Rfb8 19. Rb1 Rb6 20. Rb3 Rab8 21. Rfb1 Kf8 22. f4 Ke7 23. Kf2 Kd7 24. Ke3 c5 25. Kd3 c4+ 0-1

[Event "CAN-op"]
[Site "Edmonton CAN"]
[Date "2009.07.16"]
[Round "6.75"]
[White "Einarsson, Ken"]
[Black "Mendryk, Wayne"]
[Result "1-0"]
[WhiteElo "1734"]
[BlackElo "1440"]
[PlyCount "39"]
[GameId "2160767910156174"]
[EventDate "2009.07.11"]
[EventType "swiss"]
[EventRounds "9"]
[EventCountry "CAN"]
[SourceTitle "EXT 2022"]
[Source "ChessBase"]
[SourceDate "2021.10.06"]
[SourceVersion "1"]
[SourceVersionDate "2021.10.06"]
[SourceQuality "1"]

1. d4 Nf6 2. c4 e6 3. Nc3 Bb4 4. Nf3 c5 5. dxc5 Bxc5 6. e3 Nc6 7. Be2 a6 8. O-O O-O 9. Qc2 Qc7 10. a3 Rd8 11. Ne4 Be7 12. Rd1 b6 13. b4 Nb8 14. Bb2 Nxe4 15. Qxe4 f6 16. Nd4 Bb7 17. Nxe6 dxe6 18. Qxe6+ Kh8 19. Rxd8+ Bxd8 20. Qe8# 1-0

[Event "CAN-op"]
[Site "Edmonton CAN"]
[Date "2009.07.16"]
[Round "6.76"]
[White "Medvedev, Gennadi"]
[Black "Frier, Ken"]
[Result "1/2-1/2"]
[WhiteElo "1702"]
[BlackElo "1426"]
[PlyCount "137"]
[GameId "2160767910156175"]
[EventDate "2009.07.11"]
[EventType "swiss"]
[EventRounds "9"]
[EventCountry "CAN"]

1. e4 c5 2. Nf3 d6 3. Bc4 e6 4. d4 cxd4 5. Nxd4 a6 6. a3 Nf6 7. Nc3 Be7 8. Bg5 O-O 9. Qd2 Qc7 10. Ba2 Re8 11. f3 Nc6 12. Nxc6 Qxc6 13. O-O-O Rd8 14. Qe3 b6 15. Rd3 Ra7 16. h4 Rc7 17. h5 b5 18. h6 g6 19. Qf2 Ng4 20. Qd2 Nf2 21. Qxf2 Bxg5+ 22. f4 Bf6 23. e5 dxe5 24. fxe5 Bg5+ 25. Kb1 Rxd3 26. cxd3 Bb7 27. Bb3 Qc5 28. d4 Qe7 29. Ka2 Qd8 30. Rh3 Rd7 31. Ne2 Bd5 32. g4 Bxb3+ 33. Kxb3 Be7 34. Rd3 a5 35. Ka2 b4 36. axb4 Bxb4 37. Ng3 Be7 38. Ne4 Rc7 39. Nf6+ Bxf6 40. Qxf6 Qxf6 41. exf6 Kf8 42. Rc3 Rxc3 43. bxc3 Ke8 44. Ka3 Kd7 45. Ka4 Kc6 46. Kxa5 Kd5 47. Kb4 e5 48. dxe5 Kxe5 49. Kc5 Kxf6 50. Kd6 Kg5 51. c4 f5 52. gxf5 gxf5 53. c5 f4 54. c6 f3 55. c7 f2 56. c8=Q f1=Q 57. Qe6 Qf6 58. Qxf6+ Kxf6 59. Kd5 Kg6 60. Ke5 Kxh6 61. Kf4 Kh5 62. Kg3 Kg5 63. Kh3 h5 64. Kg3 h4+ 65. Kh3 Kh5 66. Kh2 Kg4 67. Kg2 h3+ 68. Kh2 Kh4 69. Kh1 1/2-1/2

[Event "CAN-op"]
[Site "Edmonton CAN"]
[Date "2009.07.16"]
[Round "6.77"]
[White "Amasaib, Magdi"]
[Black "Moran-Venegas, Mario"]
[Result "0-1"]
[WhiteElo "1893"]
[BlackElo "1738"]
[PlyCount "108"]
[GameId "2160767910156176"]
[EventDate "2009.07.11"]
[EventType "swiss"]
[EventRounds "9"]
[EventCountry "CAN"]
[SourceTitle "EXT 2022"]
[Source "ChessBase"]
[SourceDate "2021.10.06"]
[SourceVersion "1"]
[SourceVersionDate "2021.10.06"]
[SourceQuality "1"]

1. e4 c5 2. Nf3 d6 3. d4 cxd4 4. Nxd4 Nf6 5. Nc3 a6 6. Bc4 e6 7. O-O b5 8. Bb3 b4 9. Nce2 Nxe4 10. Ba4+ Bd7 11. Bxd7+ Qxd7 12. Qd3 d5 13. Ng3 Nf6 14. Bg5 Be7 15. f4 Nc6 16. Nxc6 Qxc6 17. Rfe1 Bc5+ 18. Kf1 O-O 19. Bxf6 gxf6 20. Nh5 Qb5 21. Nxf6+ Kg7 22. Qxb5 axb5 23. Ng4 Bd4 24. c3 bxc3 25. Rad1 Bc5 26. bxc3 Rxa2 27. Re2 Rfa8 28. Ne5 Rxe2 29. Kxe2 Ra2+ 30. Rd2 Ra3 31. Rc2 Bd6 32. Nd3 Kf6 33. g4 Ra4 34. Kf3 Rc4 35. h3 b4 36. Ke3 d4+ 37. Ke2 dxc3 38. f5 b3 39. Nb2 cxb2 40. Rxb2 Rc3 41. fxe6 fxe6 42. h4 Be5 43. Rb1 Rh3 44. Rf1+ Ke7 45. h5 b2 46. Kd2 Rg3 47. Kc2 Rxg4 48. Rh1 Kf7 49. Rf1+ Bf6 50. Rh1 Kg7 51. Re1 Rb4 52. Kb1 Rb3 53. Rf1 Ra3 54. h6+ Kf7 0-1

[Event "CAN-op"]
[Site "Edmonton CAN"]
[Date "2009.07.16"]
[Round "6.78"]
[White "Reuter, Gerhard"]
[Black "Razzaq, Ali"]
[Result "0-1"]
[WhiteElo "1666"]
[BlackElo "1859"]
[PlyCount "65"]
[GameId "2160767910156177"]
[EventDate "2009.07.11"]
[EventType "swiss"]
[EventRounds "9"]
[EventCountry "CAN"]
[SourceTitle "EXT 2022"]
[Source "ChessBase"]
[SourceDate "2021.10.06"]
[SourceVersion "1"]
[SourceVersionDate "2021.10.06"]
[SourceQuality "1"]

1. e4 c6 2. d4 d5 3. e5 c5 4. c3 Nc6 5. Nf3 Bg4 6. Be2 e6 7. O-O Qb6 8. dxc5 Bxc5 9. Nbd2 Qc7 10. Re1 Nge7 11. Qa4 Bf5 12. Nb3 Bc2 13. Bg5 O-O 14. Bd1 Bxb3 15. Bxb3 Ng6 16. Bc2 Ncxe5 17. Nxe5 Nxe5 18. Qh4 Ng6 19. Qh3 Qb6 20. Re2 Rae8 21. b4 Be7 22. Be3 Qc6 23. Bd4 Bf6 24. Bc5 Be7 25. Bd4 f5 26. Qe3 Bf6 27. Bc5 f4 28. Qh3 Rf7 29. Rae1 e5 30. f3 b6 31. Bd4 Rfe7 32. c4 Qxc4 33. Bb3 0-1

[Event "CAN-op"]
[Site "Edmonton CAN"]
[Date "2009.07.16"]
[Round "6.80"]
[White "Marshall, Jim"]
[Black "Shanker, Raman"]
[Result "1-0"]
[WhiteElo "1661"]
[BlackElo "1839"]
[PlyCount "89"]
[GameId "2160767910156179"]
[EventDate "2009.07.11"]
[EventType "swiss"]
[EventRounds "9"]
[EventCountry "CAN"]
[SourceTitle "EXT 2022"]
[Source "ChessBase"]
[SourceDate "2021.10.06"]
[SourceVersion "1"]
[SourceVersionDate "2021.10.06"]
[SourceQuality "1"]

1. e4 d5 2. exd5 Nf6 3. d4 Nxd5 4. Bc4 c6 5. Bb3 Bf5 6. Nf3 e6 7. Nbd2 Nd7 8. c3 Bd6 9. Nf1 Nf4 10. Bxf4 Bxf4 11. Ne3 Bg6 12. Bc2 Bh5 13. h3 Nb6 14. Qe2 Nd5 15. Nxd5 Qxd5 16. Be4 Qd6 17. g3 Bh6 18. g4 O-O-O 19. gxh5 f5 20. Bc2 Rhe8 21. Ne5 Qc7 22. Bb3 c5 23. O-O cxd4 24. cxd4 Kb8 25. Rad1 Qe7 26. Nf3 Bf4 27. Rfe1 Qf6 28. Qb5 Qh6 29. Bd5 Re7 30. Rxe6 Qxe6 31. Bxe6 Rxe6 32. Qxf5 Rf6 33. Qe4 Bh6 34. Re1 Rdf8 35. Qe5+ Kc8 36. Qc5+ Kb8 37. Re7 Rc8 38. Qe5+ Ka8 39. Re8 Rf8 40. Rxc8+ Rxc8 41. Qf5 Rc1+ 42. Kg2 Kb8 43. Ne5 a6 44. Qf8+ Ka7 45. Nd7 1-0

[Event "CAN-op"]
[Site "Edmonton CAN"]
[Date "2009.07.16"]
[Round "6.81"]
[White "McKay, Tom"]
[Black "Armstrong, Robert J"]
[Result "0-1"]
[WhiteElo "1614"]
[BlackElo "1831"]
[PlyCount "80"]
[GameId "2160767910156180"]
[EventDate "2009.07.11"]
[EventType "swiss"]
[EventRounds "9"]
[EventCountry "CAN"]

1. e4 g6 2. d4 Bg7 3. c4 d6 4. Nc3 Nf6 5. f3 O-O 6. Be3 Nfd7 7. Bd3 c5 8. d5 Ne5 9. Be2 Qa5 10. Qd2 a6 11. Nh3 Bd7 12. O-O b5 13. f4 Ng4 14. Bxg4 Bxg4 15. cxb5 Bxh3 16. gxh3 axb5 17. f5 Nd7 18. Bh6 Nf6 19. Bxg7 Kxg7 20. Qe3 b4 21. Ne2 Qb5 22. fxg6 hxg6 23. Ng3 Rh8 24. Kg2 Qd7 25. Ne2 Rh4 26. Rf4 Rah8 27. Ng1 e5 28. dxe6 Qxe6 29. Raf1 Rxf4 30. Rxf4 Nd5 31. Qf3 Nxf4+ 32. Qxf4 Qxa2 33. Qxd6 Qxb2+ 34. Kg3 Qd4 35. e5 Qxg1+ 36. Kf3 Rxh3+ 37. Ke4 Qe1+ 38. Kf4 Qe3+ 39. Kg4 Qf3+ 40. Kg5 Qf5# 0-1

[Event "CAN-op"]
[Site "Edmonton CAN"]
[Date "2009.07.16"]
[Round "6.82"]
[White "Thomas, Derek"]
[Black "Davidson, Brian"]
[Result "1/2-1/2"]
[WhiteElo "1532"]
[BlackElo "1814"]
[PlyCount "79"]
[GameId "2160767910156181"]
[EventDate "2009.07.11"]
[EventType "swiss"]
[EventRounds "9"]
[EventCountry "CAN"]
[SourceTitle "EXT 2022"]
[Source "ChessBase"]
[SourceDate "2021.10.06"]
[SourceVersion "1"]
[SourceVersionDate "2021.10.06"]
[SourceQuality "1"]

1. d4 Nf6 2. c4 e6 3. Nc3 b6 4. e4 Bb7 5. Bg5 Be7 6. Bxf6 Bxf6 7. Nf3 d6 8. g3 Nd7 9. Bg2 O-O 10. O-O Re8 11. Re1 Rb8 12. Rc1 e5 13. d5 a6 14. Qe2 Nf8 15. a4 Bc8 16. h3 Bd7 17. Kh2 h6 18. b3 Nh7 19. Rc2 Qc8 20. Rh1 Be7 21. g4 Nf8 22. Qd2 Qd8 23. Ne2 Ng6 24. Kg1 b5 25. cxb5 axb5 26. a5 b4 27. Ra2 Bb5 28. Kh2 Bxe2 29. Qxe2 Nf4 30. Qc4 Qc8 31. a6 Ra8 32. Rha1 Qb8 33. Ra5 Qb6 34. R1a2 Reb8 35. Bf1 g6 36. Rb5 Qxb5 37. Qxb5 Rxb5 38. Bxb5 Ra7 39. Kg3 g5 40. Ra1 1/2-1/2

[Event "CAN-op"]
[Site "Edmonton CAN"]
[Date "2009.07.16"]
[Round "6.83"]
[White "Miller, David"]
[Black "Seehagen, Terry"]
[Result "1-0"]
[WhiteElo "1450"]
[BlackElo "1756"]
[PlyCount "55"]
[GameId "2160767910156182"]
[EventDate "2009.07.11"]
[EventType "swiss"]
[EventRounds "9"]
[EventCountry "CAN"]
[SourceTitle "EXT 2022"]
[Source "ChessBase"]
[SourceDate "2021.10.06"]
[SourceVersion "1"]
[SourceVersionDate "2021.10.06"]
[SourceQuality "1"]

1. e4 d5 2. exd5 Nf6 3. Nc3 Nxd5 4. Bc4 Be6 5. Bb3 g6 6. d4 Bg7 7. Nf3 c6 8. O-O Qc7 9. Ng5 O-O 10. Nxe6 fxe6 11. Re1 Nd7 12. Rxe6 N7f6 13. Qe2 Rae8 14. Bg5 Kh8 15. Bxf6 Nxf6 16. Re1 Qb8 17. h3 a6 18. Na4 Nh5 19. Qd2 Bf6 20. c3 Ng7 21. R6e4 b6 22. Be6 Rd8 23. Qd3 Qc7 24. Qxa6 Ra8 25. Qxb6 Qxb6 26. Nxb6 Rxa2 27. R1e2 Rb8 28. Bxa2 1-0

[Event "CAN-op"]
[Site "Edmonton CAN"]
[Date "2009.07.16"]
[Round "6.84"]
[White "Nadeau, Francois"]
[Black "Huang, Zhonglin"]
[Result "1-0"]
[WhiteElo "1760"]
[BlackElo "1515"]
[PlyCount "41"]
[GameId "2160767910156183"]
[EventDate "2009.07.11"]
[EventType "swiss"]
[EventRounds "9"]
[EventCountry "CAN"]

1. d4 d5 2. c4 e6 3. Nc3 c5 4. Nf3 Nc6 5. dxc5 d4 6. Ne4 e5 7. e3 Bf5 8. Bd3 Bxe4 9. Bxe4 Qa5+ 10. Bd2 Qxc5 11. Qa4 Bd6 12. Bd5 a5 13. b4 Qa7 14. Bxc6+ bxc6 15. Qxc6+ Ke7 16. c5 Bb8 17. exd4 exd4 18. O-O f6 19. Nxd4 Qc7 20. Rfe1+ Kf7 21. Qe8# 1-0

[Event "CAN-op"]
[Site "Edmonton CAN"]
[Date "2009.07.16"]
[Round "6.85"]
[White "Dattani, Dinesh"]
[Black "Sillador, Rory"]
[Result "0-1"]
[WhiteElo "1380"]
[BlackElo "1890"]
[PlyCount "33"]
[GameId "2160767910156184"]
[EventDate "2009.07.11"]
[EventType "swiss"]
[EventRounds "9"]
[EventCountry "CAN"]
[SourceTitle "EXT 2022"]
[Source "ChessBase"]
[SourceDate "2021.10.06"]
[SourceVersion "1"]
[SourceVersionDate "2021.10.06"]
[SourceQuality "1"]

1. e4 e6 2. d4 d5 3. e5 c5 4. c3 Nc6 5. Nf3 Bd7 6. Be2 Nge7 7. c4 cxd4 8. Nxd4 Nxe5 9. cxd5 Nxd5 10. O-O Bd6 11. Nf5 exf5 12. Qxd5 Bc6 13. Qb3 O-O 14. Rd1 Qf6 15. Nc3 Ng4 16. h3 Qe5 17. Rxd6 0-1

[Event "CAN-op"]
[Site "Edmonton CAN"]
[Date "2009.07.16"]
[Round "6.87"]
[White "Ventura, Jason"]
[Black "Nichols, Darren"]
[Result "1-0"]
[WhiteElo "1879"]
[BlackElo "1420"]
[PlyCount "83"]
[GameId "2160767910156186"]
[EventDate "2009.07.11"]
[EventType "swiss"]
[EventRounds "9"]
[EventCountry "CAN"]
[SourceTitle "EXT 2022"]
[Source "ChessBase"]
[SourceDate "2021.10.06"]
[SourceVersion "1"]
[SourceVersionDate "2021.10.06"]
[SourceQuality "1"]

1. e4 c5 2. Nf3 Nc6 3. d4 cxd4 4. Nxd4 e6 5. c4 Bc5 6. Be3 Nge7 7. Nxc6 Nxc6 8. Bxc5 Qa5+ 9. b4 Nxb4 10. Bxb4 Qxb4+ 11. Qd2 Qc5 12. Bd3 O-O 13. O-O b6 14. Nc3 Bb7 15. Rab1 Qc6 16. f4 f6 17. Rf3 Qc5+ 18. Kh1 Qe7 19. Rh3 Rac8 20. e5 f5 21. Nb5 Rc5 22. Nxa7 Ba6 23. Rxb6 Bxc4 24. Bxc4 Rxc4 25. Rb1 Qc5 26. Nb5 Rb8 27. Rhb3 Rb7 28. h3 Rc2 29. Qa5 Rc1+ 30. Kh2 Rb8 31. Rxc1 Qxc1 32. Nd6 Qxf4+ 33. Rg3 h5 34. Qc7 Qxe5 35. Qxb8+ Kh7 36. h4 f4 37. Rf3 Qf6 38. Kh3 e5 39. Qb1+ g6 40. Ne4 Qf5+ 41. Kh2 d5 42. Ng5+ 1-0

[Event "CAN-op"]
[Site "Edmonton CAN"]
[Date "2009.07.16"]
[Round "6.88"]
[White "Orr, Douglas"]
[Black "Danner, Jason"]
[Result "0-1"]
[WhiteElo "1424"]
[BlackElo "1626"]
[PlyCount "62"]
[GameId "2160767910156187"]
[EventDate "2009.07.11"]
[EventType "swiss"]
[EventRounds "9"]
[EventCountry "CAN"]
[SourceTitle "EXT 2022"]
[Source "ChessBase"]
[SourceDate "2021.10.06"]
[SourceVersion "1"]
[SourceVersionDate "2021.10.06"]
[SourceQuality "1"]

1. e4 c5 2. Nf3 d6 3. d4 cxd4 4. Nxd4 Nf6 5. Nc3 g6 6. Be3 Bg7 7. h3 O-O 8. Be2 Nc6 9. Qd2 d5 10. Nxc6 bxc6 11. Bf3 e6 12. O-O a5 13. a4 Rb8 14. Bc5 dxe4 15. Nxe4 Nxe4 16. Qxd8 Rxd8 17. Bxe4 Rxb2 18. Rfd1 Bf6 19. Rxd8+ Bxd8 20. Rd1 Bf6 21. Rd6 Rb1+ 22. Kh2 Be5+ 23. g3 Bxd6 24. Bxd6 Bb7 25. c3 Ra1 26. c4 Rxa4 27. Bd3 Ra1 28. Be5 Rc1 29. Bb2 Rd1 30. Be4 f5 31. Bg2 Rd2 0-1

[Event "CAN-op"]
[Site "Edmonton CAN"]
[Date "2011.07.16"]
[Round "6.89"]
[White "Reichert, Wayne"]
[Black "Taylor, James"]
[Result "1-0"]
[WhiteElo "1146"]
[BlackElo "1570"]
[PlyCount "88"]
[GameId "2160767910156188"]
[EventDate "2009.07.11"]
[EventType "swiss"]
[EventRounds "9"]
[EventCountry "CAN"]
[SourceTitle "EXT 2022"]
[Source "ChessBase"]
[SourceDate "2021.10.06"]
[SourceVersion "1"]
[SourceVersionDate "2021.10.06"]
[SourceQuality "1"]

1. e4 g6 2. d4 d6 3. h3 Bg7 4. Nf3 c6 5. c4 Nd7 6. Nc3 Ngf6 7. Bd3 O-O 8. Bf4 b6 9. O-O Bb7 10. Re1 Re8 11. e5 Nh5 12. Be3 dxe5 13. Qc2 exd4 14. Nxd4 e5 15. Nf3 Nhf6 16. Bg5 Qc7 17. Bh4 Nh5 18. g4 Nf4 19. Bf1 a6 20. Bg3 c5 21. Nh4 Qc6 22. f3 Ne6 23. Bg2 Nd4 24. Qf2 Qf6 25. Nd5 Bxd5 26. cxd5 g5 27. Nf5 Nxf5 28. gxf5 Qxf5 29. d6 Rad8 30. Re2 Re6 31. Qe3 h6 32. Rd1 Qf6 33. Qa3 Nb8 34. Qc3 Nc6 35. Bf2 Rdxd6 36. Rxd6 Rxd6 37. Qc2 Nd4 38. Bxd4 exd4 39. Qe4 Bf8 40. Qa8 a5 41. Re8 Kg7 42. Rxf8 Kg6 43. f4 d3 44. Rg8+ Kh7 1-0

[Event "CAN-op"]
[Site "Edmonton CAN"]
[Date "2009.07.16"]
[Round "6.90"]
[White "Magnusson, Saul"]
[Black "Prime, Keith"]
[Result "1-0"]
[WhiteElo "1568"]
[BlackElo "1223"]
[PlyCount "117"]
[GameId "2160767910156189"]
[EventDate "2009.07.11"]
[EventType "swiss"]
[EventRounds "9"]
[EventCountry "CAN"]
[SourceTitle "EXT 2022"]
[Source "ChessBase"]
[SourceDate "2021.10.06"]
[SourceVersion "1"]
[SourceVersionDate "2021.10.06"]
[SourceQuality "1"]

1. e4 e5 2. Nf3 d6 3. Nc3 Nf6 4. Bc4 h6 5. d4 Bg4 6. dxe5 Bxf3 7. gxf3 dxe5 8. Bxf7+ Ke7 9. Qxd8+ Kxd8 10. f4 Nbd7 11. Be6 Bb4 12. Bd2 Bxc3 13. Bxc3 exf4 14. O-O-O Ke7 15. Bf5 Rhd8 16. Rhg1 g5 17. h4 Rg8 18. hxg5 Rxg5 19. Rxg5 hxg5 20. e5 Nxe5 21. Bxe5 c6 22. Rd6 Nd5 23. c4 Nb6 24. Re6+ Kf7 25. Rf6+ Ke7 26. Rh6 Rf8 27. Bd6+ Kf7 28. Be6+ Kg7 29. Bxf8+ Kxf8 30. Rh7 Na4 31. Rxb7 Nc5 32. Rb8+ Ke7 33. Bf5 Kf6 34. Rf8+ Ke5 35. Kc2 a5 36. b3 f3 37. Bg6 g4 38. Rf5+ Kd4 39. Rf4+ Ke5 40. Rxg4 Ne6 41. Re4+ Kf6 42. Rxe6+ Kxe6 43. Bh5 Ke5 44. Bxf3 Kd4 45. Bxc6 Ke5 46. Kd3 Kd6 47. Bd5 Ke5 48. a3 Kd6 49. b4 Kc7 50. f4 a4 51. c5 Kd7 52. b5 Kc7 53. Kc4 Kb8 54. f5 Kc8 55. Kb4 Kb8 56. Kxa4 Kc8 57. Ka5 Kb8 58. Ka6 Kc8 59. Ka7 1-0

[Event "CAN-op"]
[Site "Edmonton CAN"]
[Date "2009.07.16"]
[Round "6.91"]
[White "Nolan, Pat"]
[Black "Cosenza, Aaron"]
[Result "1-0"]
[WhiteElo "1529"]
[BlackElo "1456"]
[PlyCount "139"]
[GameId "2160767910156190"]
[EventDate "2009.07.11"]
[EventType "swiss"]
[EventRounds "9"]
[EventCountry "CAN"]
[SourceTitle "EXT 2022"]
[Source "ChessBase"]
[SourceDate "2021.10.06"]
[SourceVersion "1"]
[SourceVersionDate "2021.10.06"]
[SourceQuality "1"]

1. d4 d5 2. Nf3 e6 3. e3 c5 4. c3 c4 5. Nbd2 Bd6 6. Qc2 Ne7 7. e4 Nbc6 8. Be2 b5 9. a3 a5 10. O-O Bb7 11. Re1 O-O 12. Ng5 Ng6 13. Ndf3 b4 14. axb4 axb4 15. Rxa8 Qxa8 16. exd5 exd5 17. Nh4 Qa2 18. Nxg6 fxg6 19. Bg4 bxc3 20. Be6+ Kh8 21. Nf7+ Rxf7 22. Bxf7 Ne7 23. Qxc3 h6 24. Re6 Qa6 25. g3 Bc8 26. Re1 Qc6 27. Bd2 Bf5 28. Qa5 Qd7 29. Qa8+ Qc8 30. Qxc8+ Bxc8 31. Ba5 Bd7 32. Bd8 Nc6 33. Bb6 Bb4 34. Ra1 c3 35. bxc3 Bxc3 36. Ra8+ Kh7 37. Bg8+ Kh8 38. Bxd5+ Kh7 39. Bg8+ Kh8 40. Be6+ Kh7 41. Bxd7 Nxd4 42. Bxd4 Bxd4 43. Ba4 h5 44. Bc2 Kh6 45. Ra6 Bf6 46. h4 g5 47. Ra8 gxh4 48. f4 g5 49. fxg5+ Kxg5 50. gxh4+ Kxh4 51. Kg2 Kg4 52. Ra5 h4 53. Ra4+ Kg5 54. Ra5+ Kf4 55. Ra4+ Ke5 56. Kh3 Kd6 57. Ra6+ Ke5 58. Ra5+ Kd6 59. Kg4 Bd8 60. Rh5 Kc7 61. Kf5 Kd6 62. Ke4 Ke6 63. Bd3 Kd6 64. Be2 Ke6 65. Rh6+ Kd7 66. Kd5 Kc7 67. Bg4 Be7 68. Rh7 Kd8 69. Ke6 Ke8 70. Rxe7+ 1-0

[Event "CAN-op"]
[Site "Edmonton CAN"]
[Date "2009.07.16"]
[Round "6.92"]
[White "Mawani, Adam"]
[Black "Roberts, Richard"]
[Result "1-0"]
[WhiteElo "1357"]
[BlackElo "1418"]
[PlyCount "27"]
[GameId "2160767910156191"]
[EventDate "2009.07.11"]
[EventType "swiss"]
[EventRounds "9"]
[EventCountry "CAN"]
[SourceTitle "EXT 2022"]
[Source "ChessBase"]
[SourceDate "2021.10.06"]
[SourceVersion "1"]
[SourceVersionDate "2021.10.06"]
[SourceQuality "1"]

1. e4 e5 2. Nf3 Nc6 3. Bc4 d6 4. Nc3 Nf6 5. Ng5 d5 6. Nxd5 Nxd5 7. d3 Bb4+ 8. Bd2 Bxd2+ 9. Qxd2 O-O 10. Bxd5 Qe8 11. Qe2 Nd4 12. Qh5 Nxc2+ 13. Kd1 g6 14. Qxh7# 1-0

[Event "CAN-op"]
[Site "Edmonton CAN"]
[Date "2009.07.16"]
[Round "6.93"]
[White "MacFie, Matthew"]
[Black "Longson, Stan"]
[Result "0-1"]
[WhiteElo "1197"]
[BlackElo "1400"]
[PlyCount "66"]
[GameId "2160767910156192"]
[EventDate "2009.07.11"]
[EventType "swiss"]
[EventRounds "9"]
[EventCountry "CAN"]
[SourceTitle "EXT 2022"]
[Source "ChessBase"]
[SourceDate "2021.10.06"]
[SourceVersion "1"]
[SourceVersionDate "2021.10.06"]
[SourceQuality "1"]

1. Nf3 Nc6 2. g3 e5 3. e4 Nf6 4. Qe2 Bc5 5. d3 O-O 6. Bd2 a6 7. Bg2 Re8 8. O-O h6 9. Bc3 d6 10. h4 Bg4 11. Nbd2 b5 12. a3 a5 13. b3 Nd4 14. Qe1 Nxc2 15. Qc1 Nxa1 16. Qxa1 Qd7 17. Nh2 Be2 18. Re1 Bxd3 19. Kh1 b4 20. axb4 axb4 21. Qc1 bxc3 22. Qxc3 Bb5 23. b4 Bxf2 24. Qf3 Bb6 25. Nhf1 Ra4 26. Ne3 Bxe3 27. Qxe3 Rea8 28. Nf3 Ra1 29. Kh2 Rxe1 30. Qxe1 Rc8 31. Qf2 Ng4+ 32. Kg1 Nxf2 33. Kxf2 c5 0-1

[Event "CAN-op"]
[Site "Edmonton CAN"]
[Date "2009.07.16"]
[Round "6.94"]
[White "Kassam, Jamil"]
[Black "Virji, Naveed"]
[Result "1-0"]
[WhiteElo "1334"]
[BlackElo "1398"]
[PlyCount "153"]
[GameId "2160767910156193"]
[EventDate "2009.07.11"]
[EventType "swiss"]
[EventRounds "9"]
[EventCountry "CAN"]
[SourceTitle "EXT 2022"]
[Source "ChessBase"]
[SourceDate "2021.10.06"]
[SourceVersion "1"]
[SourceVersionDate "2021.10.06"]
[SourceQuality "1"]

1. e4 e5 2. Nf3 Nc6 3. Bb5 a6 4. Ba4 Nf6 5. O-O b5 6. Bb3 Nxe4 7. Re1 f5 8. d3 Nc5 9. Nxe5 Nxe5 10. Rxe5+ Ne6 11. Qf3 c6 12. Qxf5 Bd6 13. Bxe6 dxe6 14. Rxe6+ Bxe6 15. Qxe6+ Qe7 16. Qxe7+ Bxe7 17. Be3 O-O 18. Nc3 Bf6 19. d4 Rad8 20. Ne2 c5 21. c3 cxd4 22. Nxd4 Bxd4 23. Bxd4 Rd5 24. Re1 b4 25. Kf1 bxc3 26. Bxc3 Rdf5 27. f3 Rh5 28. Re7 Rg5 29. h4 Rg6 30. h5 Rg5 31. Ra7 h6 32. Kf2 Kh7 33. g3 Rg8 34. g4 a5 35. Rxa5 Rxa5 36. Bxa5 Ra8 37. b4 Rc8 38. a4 Rc2+ 39. Ke3 Ra2 40. f4 Rxa4 41. Ke4 Ra1 42. Bb6 Re1+ 43. Kf5 Rd1 44. Bc5 Rd5+ 45. Ke4 Rd1 46. b5 Rc1 47. Ba7 Rc4+ 48. Kf5 Rb4 49. b6 Rxb6 50. Bxb6 Kg8 51. g5 Kh7 52. Bc7 hxg5 53. fxg5 Kh8 54. h6 Kg8 55. hxg7 Kxg7 56. Be5+ Kf7 57. g6+ Kg8 58. g7 Kf7 59. Kg5 Kg8 60. Kh6 Kf7 61. Kh7 Ke6 62. g8=Q+ Kxe5 63. Qg6 Kf4 64. Qe6 Kg5 65. Qe4 Kf6 66. Kh6 Kf7 67. Qe5 Kf8 68. Qg7+ Ke8 69. Kg6 Kd8 70. Qf7 Kc8 71. Qe7 Kb8 72. Qd7 Ka8 73. Kf6 Kb8 74. Ke6 Ka8 75. Kd6 Kb8 76. Kc6 Ka8 77. Qb7# 1-0

[Event "CAN-op"]
[Site "Edmonton CAN"]
[Date "2009.07.16"]
[Round "6.95"]
[White "McCleary, Rick"]
[Black "Bansal, Prabjeet"]
[Result "1-0"]
[WhiteElo "1140"]
[BlackElo "1394"]
[PlyCount "89"]
[GameId "2160767910156194"]
[EventDate "2009.07.11"]
[EventType "swiss"]
[EventRounds "9"]
[EventCountry "CAN"]
[SourceTitle "EXT 2022"]
[Source "ChessBase"]
[SourceDate "2021.10.06"]
[SourceVersion "1"]
[SourceVersionDate "2021.10.06"]
[SourceQuality "1"]

1. d4 d5 2. e4 c6 3. Nc3 Nf6 4. f3 g6 5. Bd3 Bg7 6. Nge2 O-O 7. O-O e6 8. Be3 Re8 9. Qd2 Nbd7 10. e5 Ne4 11. fxe4 dxe4 12. Nxe4 f5 13. exf6 Nxf6 14. Nxf6+ Bxf6 15. Rf3 e5 16. Raf1 Bg7 17. Bh6 Bg4 18. Bc4+ Kh8 19. Rf7 Rg8 20. Bxg7+ Rxg7 21. Qh6 Qg8 22. Rf8 Qxf8 23. Rxf8+ Rxf8 24. dxe5 b5 25. h3 bxc4 26. hxg4 Re8 27. Qe3 Rge7 28. Ng3 Rxe5 29. Qxa7 h5 30. gxh5 gxh5 31. Qd4 Kh7 32. Qd7+ R8e7 33. Qxc6 h4 34. Nf1 Rg7 35. Qf3 Re1 36. Kf2 Rge7 37. g3 Kg8 38. Qg4+ Kf8 39. Qf5+ Kg8 40. gxh4 R1e2+ 41. Kf3 Rxc2 42. Qg6+ Kf8 43. Qxc2 Rf7+ 44. Ke2 Rg7 45. Ne3 1-0